Top 100 MLB Players 2000-2025 - Statistics

General Stats
  • This quiz has been taken 58 times
  • The average score is 60 of 100
Answer Stats
Team Position Career Answer % Correct
LAA/LAD DH/SP '18-A Shohei Ohtani
84%
NYY OF '16-A Aaron Judge
82%
LAD SP '08-A Clayton Kershaw
82%
WSH/PHI OF '12-A Bryce Harper
79%
SF C '09-'21 Buster Posey
79%
DET/HOU SP '05-A Justin Verlander
79%
BOS SP '92-'09 Pedro Martinez
79%
KC C '11-A Salvador Perez
79%
STL/LAA 1B '01-'22 Albert Pujols
76%
NYY 3B-SS '94-'16 Alex Rodriguez
76%
CWS/BOS SP '10-A Chris Sale
76%
BOS DH '97-'16 David Ortiz
76%
ATL 1B '10-A Freddie Freeman
76%
FLA SS '05-'19 Hanley Ramirez
76%
CLE 3B '13-A José Ramírez
76%
LAA OF '11-A Mike Trout
76%
BOS/LAD OF '14-A Mookie Betts
76%
PIT/CHC 3B '98-'15 Aramis Ramirez
74%
ATL 3B '93-'12 Chipper Jones
74%
SEA SP '05-'19 Felix Hernandez
74%
CLE/NYM SS '15-A Francisco Lindor
74%
HOU 2B '11-A Jose Altuve
74%
CLE/BOS OF '93-'11 Manny Ramirez
74%
DET 1B '03-'23 Miguel Cabrera
74%
PIT OF '09-A Andrew McCutchen
71%
ATL OF '96-'12 Andruw Jones
71%
NYY SS '95-'14 Derek Jeter
71%
MIA/NYY OF '10-A Giancarlo Stanton
71%
SEA OF '01-'19 Ichiro Suzuki
71%
WSH OF '18-A Juan Soto
71%
BAL/SD 3B '12-A Manny Machado
71%
DET/WSH SP '08-A Max Scherzer
71%
ARZ/STL 1B '11-A Paul Goldschmidt
71%
SEA/ARZ SP '88-'09 Randy Johnson
71%
NYM SP '14-A Jacob deGrom
68%
MIN C '04-'18 Joe Mauer
68%
CIN 1B '07-'23 Joey Votto
68%
SF SP '09-'23 Madison Bumgarner
68%
NYY RP '95-'13 Mariano Rivera
68%
NYY-SEA 2B '05-'22 Robinson Cano
68%
BOS SP '84-'07 Roger Clemens
68%
LAD/TEX 3B '98-'18 Adrian Beltre
66%
PIT/SF OF/DH '86-'07 Barry Bonds
66%
MIA/MIL OF '13-A Christian Yelich
66%
BOS 2B '06-'19 Dustin Pedroia
66%
PIT/NYY SP '13-A Gerrit Cole
66%
COL/STL 3B '13-A Nolan Arenado
66%
MIL OF '07-'20 Ryan Braun
66%
MON/LAA OF '96-'11 Vladimir Guerrero
66%
STL C '04-'22 Yadier Molina
66%
TOR SP '98-'13 Roy Halladay
63%
CLE/NYY SP '01-'19 CC Sabathia
61%
PHI 2B '03-'18 Chase Utley
61%
TB 3B '08-'23 Evan Longoria
61%
PHI SS '00-'16 Jimmy Rollins
61%
CLE DH/1B '91-'12 Jim Thome
61%
OAK/TOR 3B '10-'23 Josh Donaldson
61%
PHI/STL 3B '96-'12 Scott Rolen
61%
KC SP '04-'23 Zack Greinke
61%
ATL/CHC SP '86-'08 Greg Maddux
58%
NYY C '95'11 Jorge Posada
58%
DET 1B '05-'16 Prince Fielder
58%
COL 1B '97-'13 Todd Helton
58%
STL SP '05-'23 Adam Wainwright
55%
TOR OF '04-'18 José Bautista
55%
LAD RP '10-A Kenley Jansen
55%
SF SP '07-'16 Tim Lincecum
55%
COL SS '06-'19 Troy Tulowitzki
55%
NYY SP '95-'13 Andy Pettitte
53%
NYM 3B '04-'18 David Wright
53%
BOS/CHC SP '06-'21 Jon Lester
53%
OAK/TEX 2B '13-A Marcus Semien
53%
TEX/NYY 1B '03-'16 Mark Teixeira
53%
KC/NYM OF '98-'17 Carlos Beltran
50%
ATL RP '10-A Craig Kimbrel
50%
MIN SP '00-'12 Johan Santana
50%
SD/LAD 1B '04-'18 Adrián González
47%
OAK/NYY 1B '95-'14 Jason Giambi
47%
TEX/SEA DH/OF '05-'23 Nelson Cruz
47%
WSH SP '10-'22 Stephen Strasburg
47%
CLE/PHI SP '02-'14 Cliff Lee
45%
CLE SP '11-'23 Corey Kluber
45%
CWS SP '00-'15 Mark Buehrle
45%
TB SP '08-'22 David Price
42%
PHI SP '06-'20 Cole Hamels
39%
TOR 1B '05-'20 Edwin Encarnación
39%
MIN/LAA OF '97-'15 Torii Hunter
39%
ATL C '05-'19 Brian McCann
37%
TOR 1B '93-'09 Carlos Delgado
37%
PHI SP '88-'07 Curt Schilling
37%
TEX 2B '06-'19 Ian Kinsler
37%
HOU 1B '99-'13 Lance Berkman
37%
COL/STL OF '04-'18 Matt Holliday
34%
OAK SS '97-'13 Miguel Tejada
34%
PHI OF '96-'14 Bobby Abreu
32%
HOU SP '01-'13 Roy Oswalt
32%
HOU/NYM RP '95-'10 Billy Wagner
29%
TEX IF '00-'13 Michael Young
29%
BAL/NYY SP '91-'08 Mike Mussina
24%
OAK/ATL SP '99-'15 Tim Hudson
18%
No matching quizzes found
Score Distribution
Percent of People with Each Score
Percentile by Number Answered
Your Score History
You have not taken this quiz